| 000 | 00961cab a2200277 4500 | ||
|---|---|---|---|
| 001 | ABS44273 | ||
| 008 | 090401t1991 xxu||||| |||| 00| 0 eng d | ||
| 035 | _a(Sirsi) u46294 | ||
| 041 | _aeng | ||
| 100 | _aLloyd, H. | ||
| 245 | _aBolts from the blue stress need for disruption cover | ||
| 260 | _c1991 | ||
| 350 | _a0 | ||
| 490 |
_aBuilding _v256 (7688) 15 March 1991, 41 (1) |
||
| 520 | _aDiscusses force majeure conditions on contractual obligations in the light of the Gulf War . Refers to case law . | ||
| 650 | _aB S CONTRACTS DESIGN V VICTOR GREEN PUBLICATIONS | ||
| 650 | _aCOMPLETION | ||
| 650 | _aDAIRYVALE FOODS V INTERVENTION BOARD FOR AGRICULTURAL PRODUCE | ||
| 650 | _aINDUSTRIAL ACTION | ||
| 650 | _aJCT STANDARD FORM OF BUILDING CONTRACT (1980 EDITION) | ||
| 650 | _aMOTTRAM CONSULTANTS V BERNARD SUNLEY AND SONS | ||
| 650 | _aSONAT OFFSHORE V AMERAD HESS DEVELOPMENT | ||
| 690 | _aLAW | ||
| 942 | _n0 | ||
| 948 | _c04/03/1997 | ||
| 999 |
_c29290 _d29290 |
||